|
|
|
|
| LEADER |
00000nam a2200000 a 4500 |
| 001 |
vtls008995279 |
| 003 |
SK-MaSNL |
| 005 |
20260301081035.0 |
| 008 |
070601s1920 xxua g f 000 0 eng |
| 020 |
|
|
|a (viaz.)
|
| 040 |
|
|
|a SNK
|b slo
|c SNK
|e AACR2
|
| 041 |
|
|
|a eng
|
| 044 |
|
|
|a xxu
|c US
|
| 072 |
|
7 |
|a 27-5
|x Kresťanské umenie a symbolika. Duchovný život
|2 konspekt
|
| 080 |
|
|
|a 272-534.35
|2 2001
|
| 080 |
|
|
|a (035)
|2 2001
|
| 245 |
0 |
0 |
|a Little key of heaven
|b a manual of prayers and instructions for catholics. First Communion Day. Epistles and Gospels
|
| 260 |
|
|
|a New York
|b Catholic Publication Press
|c 1920
|
| 300 |
|
|
|a 224, [19], 191 s.
|c 90 mm
|
| 500 |
|
|
|a Dokument obsahuje 3 diela
|
| 650 |
0 |
7 |
|a katolícke modlitby
|2 SNKPH
|9 4273
|
| 655 |
|
7 |
|a príručky
|2 SNKPH
|9 74364
|
| 740 |
0 |
2 |
|a First Communion Day
|
| 740 |
0 |
2 |
|a Epistles and Gospels
|
| 999 |
|
|
|c 654815
|d 656745
|
| 952 |
|
|
|a SNK
|b SNK
|y PREZ
|7 0
|p 17A0554723
|o snkIE 9839
|i snk2007/15459
|8 1
|g 13.28
|0 0
|1 0
|4 0
|d 2007-06-01
|l 0
|r 2026-02-23 18:33:52
|w 2026-02-23
|